Patrimonio seráphico de tierra santa, fundado por Christo nuestro redentor su preciosa sangre, prometido por su majestad a...

Detalles Bibliográficos
Autor principal: SAN JUAN DEL PUERTO, Fco.Jesús Ma.de (Fr.)
Formato: Libro
Publicado: Madrid 1724
Materias:
Colección:Banco de datos
Acervo:Biblioteca del Ex Convento de Nuestra Señora de Guadalupe. Zacatecas
Tema general:Religiosos
Notas:Regular. VII,4,17(2059). Ex libris manuscrito de fray J.D. Cabrera en la guarda. Otro del colegio de Guadalupe en la portada. Sin marca de fuego
LEADER 00924nam a22001930004500
035 |a 40769 
036 |a 1953 
100 1 |a SAN JUAN DEL PUERTO, Fco.Jesús Ma.de (Fr.) 
245 1 0 |a Patrimonio seráphico de tierra santa, fundado por Christo nuestro redentor su preciosa sangre, prometido por su majestad a... 
260 |a Madrid  |b Imprenta de la causa de la V.M. María de Jesús de Agreda  |c 1724 
500 |a Regular. VII,4,17(2059). Ex libris manuscrito de fray J.D. Cabrera en la guarda. Otro del colegio de Guadalupe en la portada. Sin marca de fuego 
650 1 0 |a Religiosos 
949 |a CRZ-CG 
959 |a Ex convento de Nuestra Señora de Guadalupe, Museo Regional de Zacatecas, Zacatecas  |b CCC4 
960 |a Convento de Nuestra Señora de Guadalupe, Zacatecas  |b DD87 
961 |a Franciscana  |b OF 
942 |c CRZ-CG 
943 |g Biblioteca del Ex Convento de Nuestra Señora de Guadalupe. Zacatecas 
999 |c 964896  |d 964896